ბათუმის შოთა რუსთაველის სახელმწიფო უნივერსიტეტის ბიბლიოთეკა

ჩანაწერი Corporate Name

ჩანაწერთა რაოდენობა, რომელიც გამოყენებულია: 6

001 - CONTROL NUMBER

  • control field: 26757

003 - CONTROL NUMBER IDENTIFIER

  • control field: GE_BSU

005 - DATE AND TIME OF LATEST TRANSACTION

  • control field: 20260129145334.0

008 - FIXED-LENGTH DATA ELEMENTS

  • fixed length control field: 260129|| aca||aabn | a|a d

040 ## - CATALOGING SOURCE

  • Original cataloging agency: GE_BSU
  • Transcribing agency: GE_BSU

110 ## - HEADING--CORPORATE NAME

  • Corporate name or jurisdiction name as entry element: საქართველოს სსრ მეცნიერებათა აკადემია
  • Subordinate unit: ივ. ჯავახიშვილის სახ. ისტორიის, არქეოლოგიისა და ეთნოგრაფიის ინსტიტუტის სამეცნიერო საბჭო.

670 ## - SOURCE DATA FOUND

  • Source citation: Work cat.: (GE_BSU)56377: საქართველოს ისტორიის ნარკვევები : 8 ტომად. ტ. 2 : საქართველო IV-X სს. /